[Event "Turkish Second League 2019"]
[Site "Konya"]
[Date "2019.07.24"]
[Round "4"]
[White "Topak, Engin"]
[Black "Metin, Mehmet"]
[Result "1/2-1/2"]
[WhiteElo "2206"]
[BlackElo "2150"]
[Annotator "NA"]
[PlyCount "69"]
[EventDate "2019.07.22"]
[EventType "team-tourn"]
[EventCountry "TUR"]
[SourceTitle "playchess.com"]
[Source "ChessBase"]
[SourceQuality "1"]
[TimeControl "5400+30"]

1. d4 {[%emt 0:01:30]} Nf6 {[%emt 0:01:30]} 2. Nf3 {[%emt 0:00:30]} d5 {[%emt 0:00:30]} 3. c4 {[%emt 0:00:30]} e6 {[%emt 0:01:30]} 4. Nc3 {[%emt 0:00:30]} Be7 {[%emt 0:00:30]} 5. Bg5 {[%emt 0:00:30]} O-O {[%emt 0:00:30]} 6. e3 {[%emt 0:00:00]} Nbd7 {[%emt 0:01:30]} 7. Rc1 {[%emt 0:01:00]} c6 {[%emt 0:00:30]} 8. cxd5 {[%emt 0:00:30]} exd5 {[%emt 0:00:30]} 9. Bd3 {[%emt 0:00:30]} Re8 {[%emt 0:03:30]} 10. O-O {[%emt 0:01:30]} Ne4 {[%emt 0:01:30]} 11. Bxe7 {[%emt 0:16:30]} Qxe7 {[%emt 0:02:30]} 12. Qc2 {[%emt 0:07:30]} Nxc3 {[%emt 0:11:30]} 13. bxc3 {[%emt 0:01:30]} g6 {[%emt 0:02:30]} 14. c4 {[%emt 0:01:30]} dxc4 {[%emt 0:01:30]} 15. Bxc4 {[%emt 0:00:30]} Nb6 {[%emt 0:00:00]} 16. Bb3 {[%emt 0:00:30]} Be6 {[%emt 0:02:00]} 17. Ne5 {[%emt 0:01:30]} Kg7 {[%emt 0:03:30]} 18. Bxe6 {[%emt 0:01:30]} Qxe6 {[%emt 0:00:30]} 19. Rb1 {[%emt 0:00:30]} Re7 {[%emt 0:01:30]} 20. Rb3 {[%emt 0:08:30]} Nc8 {[%emt 0:07:30]} 21. Rfb1 {[%emt 0:09:30]} Nd6 {[%emt 0:01:30]} 22. Nd3 {[%emt 0:01:30]} Qd5 {[%emt 0:05:30]} 23. h3 {[%emt 0:07:30]} Rd8 {[%emt 0:04:30]} 24. Nc5 {[%emt 0:10:30]} b6 {[%emt 0:07:30]} 25. Nd3 {[%emt 0:03:30]} Qe4 {[%emt 0:06:30]} 26. Rc1 {[%emt 0:01:30]} Rc8 {[%emt 0:06:30]} 27. a4 {[%emt 0:02:54]} Nb7 {[%emt 0:02:30]} 28. Rc3 {[%emt 0:01:37]} Rec7 {[%emt 0:05:29]} 29. Nb4 {[%emt 0:08:11]} Qxc2 {[%emt 0:00:30]} 30. R1xc2 {[%emt 0:00:30]} c5 {[%emt 0:00:30]} 31. Na6 {[%emt 0:00:30]} Rc6 {[%emt 0:00:30]} 32. Nb4 {[%emt 0:00:30]} Rd6 {[%emt 0:00:30]} 33. Na6 {[%emt 0:00:30]} Rdc6 {[%emt 0:00:30]} 34. Nb4 {[%emt 0:00:30]} Rd6 {[%emt 0:00:30]} 35. Na6 {[%emt 0:00:30]} 1/2-1/2

[Event "Turkish Second League 2019"]
[Site "Konya"]
[Date "2019.07.24"]
[Round "4"]
[White "Ibrahimova, Sabina"]
[Black "Guney, Gamze Nur"]
[Result "1-0"]
[WhiteElo "2190"]
[BlackElo "1735"]
[Annotator "NA"]
[PlyCount "55"]
[EventDate "2019.07.22"]
[EventType "team-tourn"]
[EventCountry "TUR"]
[SourceTitle "playchess.com"]
[Source "ChessBase"]
[SourceQuality "1"]
[TimeControl "5400+30"]

1. e4 {[%emt 0:00:30]} e5 {[%emt 0:00:30]} 2. Nf3 {[%emt 0:00:00]} Nc6 {[%emt 0:00:00]} 3. Bb5 {[%emt 0:00:00]} Nf6 {[%emt 0:00:00]} 4. d4 {[%emt 0:02:30]} Nxe4 {[%emt 0:02:30]} 5. O-O {[%emt 0:00:30]} Nd6 {[%emt 0:00:00]} 6. Bxc6 {[%emt 0:04:30]} dxc6 {[%emt 0:00:00]} 7. dxe5 {[%emt 0:03:30]} Nf5 {[%emt 0:00:30]} 8. Qe2 {[%emt 0:01:30]} Nd4 {[%emt 0:17:30]} 9. Nxd4 {[%emt 0:06:30]} Qxd4 {[%emt 0:05:30]} 10. Rd1 {[%emt 0:24:30]} Bg4 {[%emt 0:16:30]} 11. Rxd4 {[%emt 0:00:30]} Bxe2 {[%emt 0:00:00]} 12. Nc3 {[%emt 0:01:30]} Bh5 {[%emt 0:03:00]} 13. Bf4 {[%emt 0:09:30]} Rd8 {[%emt 0:10:30]} 14. Re4 {[%emt 0:06:30]} Bg6 {[%emt 0:15:30]} 15. Re2 {[%emt 0:00:30]} Bb4 {[%emt 0:05:30]} 16. Bg5 {[%emt 0:07:30]} Rd7 {[%emt 0:02:55]} 17. g4 {[%emt 0:01:30]} h5 {[%emt 0:03:21]} 18. h3 {[%emt 0:00:30]} hxg4 {[%emt 0:00:42]} 19. hxg4 {[%emt 0:00:30]} Bxc3 {[%emt 0:00:00]} 20. bxc3 {[%emt 0:00:30]} Rh3 {[%emt 0:03:01]} 21. Kg2 {[%emt 0:04:30]} Rxc3 {[%emt 0:07:39]} 22. Rh1 {[%emt 0:00:00]} Rd5 {[%emt 0:00:25]} 23. Rh8+ {[%emt 0:01:00]} Kd7 {[%emt 0:00:01]} 24. e6+ {[%emt 0:00:00]} Kd6 {[%emt 0:00:56]} 25. Bf6 {[%emt 0:04:00]} Rxc2 {[%emt 0:00:30]} 26. Rd8+ {[%emt 0:00:30]} Kc5 {[%emt 0:00:30]} 27. Rxc2+ {[%emt 0:00:30]} Bxc2 {[%emt 0:00:30]} 28. e7 {[%emt 0:00:30]} 1-0

[Event "Turkish Second League 2019"]
[Site "Konya"]
[Date "2019.07.24"]
[Round "4"]
[White "Zor, Alber Kadir"]
[Black "Abdullahoglu, Diren Can"]
[Result "1-0"]
[WhiteElo "2160"]
[BlackElo "1889"]
[Annotator "NA"]
[PlyCount "85"]
[EventDate "2019.07.22"]
[EventType "team-tourn"]
[EventCountry "TUR"]
[SourceTitle "playchess.com"]
[Source "ChessBase"]
[SourceQuality "1"]
[TimeControl "5400+30"]

1. d4 {[%emt 0:00:30]} Nf6 {[%emt 0:00:30]} 2. Nf3 {[%emt 0:00:30]} g6 {[%emt 0:00:30]} 3. Bg5 {[%emt 0:03:30]} Bg7 {[%emt 0:00:30]} 4. Nbd2 {[%emt 0:00:00]} O-O {[%emt 0:08:30]} 5. c3 {[%emt 0:00:00]} d5 {[%emt 0:08:30]} 6. e3 {[%emt 0:00:30]} Bf5 {[%emt 0:01:30]} 7. Be2 {[%emt 0:01:30]} c6 {[%emt 0:03:30]} 8. Qb3 {[%emt 0:04:30]} Qc8 {[%emt 0:07:30]} 9. c4 {[%emt 0:03:30]} dxc4 {[%emt 0:07:30]} 10. Nxc4 {[%emt 0:00:30]} Be6 {[%emt 0:01:30]} 11. Qa3 {[%emt 0:02:30]} Qd8 {[%emt 0:13:30]} 12. Rc1 {[%emt 0:02:30]} Re8 {[%emt 0:08:30]} 13. h3 {[%emt 0:05:30]} Na6 {[%emt 0:04:30]} 14. Na5 {[%emt 0:03:30]} Qb6 {[%emt 0:07:30]} 15. Nxc6 {[%emt 0:12:30]} Nc7 {[%emt 0:08:31]} 16. Nce5 {[%emt 0:05:30]} Nb5 {[%emt 0:00:53]} 17. Qb4 {[%emt 0:06:30]} Nd6 {[%emt 0:06:16]} 18. Qxb6 {[%emt 0:00:30]} axb6 {[%emt 0:00:30]} 19. a3 {[%emt 0:00:30]} Nfe4 {[%emt 0:00:00]} 20. Bf4 {[%emt 0:00:30]} f6 {[%emt 0:01:25]} 21. Nd3 {[%emt 0:07:30]} Nc4 {[%emt 0:02:02]} 22. O-O {[%emt 0:07:30]} b5 {[%emt 0:00:30]} 23. Rc2 {[%emt 0:00:30]} b6 {[%emt 0:00:57]} 24. Rfc1 {[%emt 0:00:30]} g5 {[%emt 0:01:01]} 25. Bh2 {[%emt 0:00:30]} h5 {[%emt 0:02:20]} 26. Nb4 {[%emt 0:09:30]} Ncd6 {[%emt 0:00:34]} 27. d5 {[%emt 0:02:30]} Bf7 {[%emt 0:00:52]} 28. Nd4 {[%emt 0:00:44]} f5 {[%emt 0:01:45]} 29. Bxd6 {[%emt 0:01:25]} Bxd4 {[%emt 0:00:39]} 30. Bxb5 {[%emt 0:04:06]} Bxe3 {[%emt 0:01:02]} 31. fxe3 {[%emt 0:01:46]} Nxd6 {[%emt 0:01:03]} 32. Bxe8 {[%emt 0:00:05]} Bxe8 {[%emt 0:00:17]} 33. Rc7 {[%emt 0:00:34]} Kf8 {[%emt 0:00:40]} 34. Nc6 {[%emt 0:02:50]} h4 {[%emt 0:01:00]} 35. Nxe7 {[%emt 0:02:43]} Ra5 {[%emt 0:00:39]} 36. Nxf5 {[%emt 0:00:37]} Nxf5 {[%emt 0:00:30]} 37. Rf1 {[%emt 0:00:01]} Rxd5 {[%emt 0:00:01]} 38. e4 {[%emt 0:00:07]} Rd2 {[%emt 0:00:56]} 39. Rxf5+ {[%emt 0:00:05]} Kg8 {[%emt 0:00:01]} 40. Rxg5+ {[%emt 0:00:22]} Kf8 {[%emt 0:00:01]} 41. Rf5+ {[%emt 0:00:06]} Kg8 {[%emt 0:00:02]} 42. Rc8 {[%emt 0:00:08]} Rd1+ {[%emt 0:01:53]} 43. Kh2 {[%emt 0:00:20]} 1-0

[Event "Turkish Second League 2019"]
[Site "Konya"]
[Date "2019.07.24"]
[Round "4"]
[White "Demirbag, Alihan"]
[Black "Sahutoglu, Mehmet Ibrahim"]
[Result "1/2-1/2"]
[WhiteElo "2087"]
[BlackElo "1898"]
[Annotator "NA"]
[PlyCount "71"]
[EventDate "2019.07.22"]
[EventType "team-tourn"]
[EventCountry "TUR"]
[SourceTitle "playchess.com"]
[Source "ChessBase"]
[SourceQuality "1"]
[TimeControl "5400+30"]

1. e4 {[%emt 0:00:30]} c5 {[%emt 0:00:30]} 2. Nc3 {[%emt 0:00:30]} Nc6 {[%emt 0:00:00]} 3. g3 {[%emt 0:01:30]} g6 {[%emt 0:00:00]} 4. d3 {[%emt 0:00:30]} Bg7 {[%emt 0:00:30]} 5. Be3 {[%emt 0:00:00]} d6 {[%emt 0:00:00]} 6. Qd2 {[%emt 0:00:00]} Rb8 {[%emt 0:00:00]} 7. Bg2 {[%emt 0:00:00]} b5 {[%emt 0:00:30]} 8. Nge2 {[%emt 0:00:00]} Nd4 {[%emt 0:00:00]} 9. O-O {[%emt 0:03:30]} b4 {[%emt 0:01:00]} 10. Nd1 {[%emt 0:00:30]} a5 {[%emt 0:00:00]} 11. Nc1 {[%emt 0:00:30]} Nf6 {[%emt 0:04:00]} 12. c3 {[%emt 0:01:30]} Ne6 {[%emt 0:00:30]} 13. h3 {[%emt 0:02:30]} Ba6 {[%emt 0:03:30]} 14. f4 {[%emt 0:08:30]} O-O {[%emt 0:05:30]} 15. f5 {[%emt 0:04:30]} Nc7 {[%emt 0:00:00]} 16. Bh6 {[%emt 0:02:30]} a4 {[%emt 0:06:00]} 17. Bxg7 {[%emt 0:01:30]} Kxg7 {[%emt 0:00:00]} 18. c4 {[%emt 0:00:00]} Nd7 {[%emt 0:04:00]} 19. Ne3 {[%emt 0:02:00]} Ne5 {[%emt 0:01:30]} 20. Ne2 {[%emt 0:02:30]} Bc8 {[%emt 0:10:30]} 21. Rad1 {[%emt 0:07:30]} Bd7 {[%emt 0:13:30]} 22. Nf4 {[%emt 0:07:30]} f6 {[%emt 0:01:30]} 23. Qe2 {[%emt 0:05:30]} Be8 {[%emt 0:03:30]} 24. Ng4 {[%emt 0:03:30]} g5 {[%emt 0:07:30]} 25. Nxe5 {[%emt 0:00:00]} dxe5 {[%emt 0:00:00]} 26. Nd5 {[%emt 0:00:00]} Bf7 {[%emt 0:01:00]} 27. Nxc7 {[%emt 0:04:30]} Qxc7 {[%emt 0:00:30]} 28. Bf3 {[%emt 0:00:00]} Qd7 {[%emt 0:00:30]} 29. Bh5 {[%emt 0:02:00]} Bxh5 {[%emt 0:01:30]} 30. Qxh5 {[%emt 0:00:30]} Qe8 {[%emt 0:00:00]} 31. Qe2 {[%emt 0:00:30]} h5 {[%emt 0:06:00]} 32. Kh2 {[%emt 0:00:30]} Rd8 {[%emt 0:02:30]} 33. Rd2 {[%emt 0:01:30]} Rd4 {[%emt 0:00:30]} 34. Rfd1 {[%emt 0:00:30]} Qf7 {[%emt 0:00:30]} 35. Qf3 {[%emt 0:02:30]} Rfd8 {[%emt 0:00:30]} 36. Qe3 {[%emt 0:00:30]} 1/2-1/2

[Event "Turkish Second League 2019"]
[Site "Konya"]
[Date "2019.07.24"]
[Round "4"]
[White "Duman, Aydin"]
[Black "Isik, Alparslan"]
[Result "0-1"]
[WhiteElo "2059"]
[BlackElo "2293"]
[Annotator "NA"]
[PlyCount "76"]
[EventDate "2019.07.22"]
[EventType "team-tourn"]
[EventCountry "TUR"]
[SourceTitle "playchess.com"]
[Source "ChessBase"]
[SourceQuality "1"]
[TimeControl "5400+30"]

1. e4 {[%emt 0:00:30]} c5 {[%emt 0:00:30]} 2. Nf3 {[%emt 0:00:30]} d6 {[%emt 0:00:00]} 3. Bb5+ {[%emt 0:00:30]} Nd7 {[%emt 0:00:00]} 4. O-O {[%emt 0:01:30]} a6 {[%emt 0:00:30]} 5. Bd3 {[%emt 0:00:30]} Ngf6 {[%emt 0:00:30]} 6. c3 {[%emt 0:03:30]} b5 {[%emt 0:01:30]} 7. Bc2 {[%emt 0:00:30]} Bb7 {[%emt 0:00:00]} 8. Re1 {[%emt 0:00:30]} Qc7 {[%emt 0:01:00]} 9. d3 {[%emt 0:00:30]} e6 {[%emt 0:03:30]} 10. Nbd2 {[%emt 0:01:30]} Be7 {[%emt 0:01:30]} 11. Nf1 {[%emt 0:00:30]} O-O {[%emt 0:00:00]} 12. Ng3 {[%emt 0:01:30]} Rac8 {[%emt 0:00:00]} 13. Qe2 {[%emt 0:03:30]} Rfe8 {[%emt 0:03:30]} 14. h3 {[%emt 0:00:30]} Bf8 {[%emt 0:00:30]} 15. Nh2 {[%emt 0:00:30]} g6 {[%emt 0:01:30]} 16. f4 {[%emt 0:05:30]} Bg7 {[%emt 0:03:30]} 17. Bd2 {[%emt 0:00:30]} e5 {[%emt 0:08:30]} 18. f5 {[%emt 0:11:30]} d5 {[%emt 0:01:30]} 19. fxg6 {[%emt 0:00:30]} hxg6 {[%emt 0:00:30]} 20. Ng4 {[%emt 0:09:30]} Nxg4 {[%emt 0:15:30]} 21. hxg4 {[%emt 0:02:30]} c4 {[%emt 0:02:30]} 22. dxc4 {[%emt 0:04:30]} dxc4 {[%emt 0:08:30]} 23. Rf1 {[%emt 0:05:30]} Nc5 {[%emt 0:01:30]} 24. Rf3 {[%emt 0:06:30]} Ne6 {[%emt 0:06:30]} 25. Raf1 {[%emt 0:01:30]} Nf4 {[%emt 0:04:30]} 26. Qe1 {[%emt 0:04:30]} Rcd8 {[%emt 0:07:30]} 27. Nh1 {[%emt 0:04:30]} Qd7 {[%emt 0:06:30]} 28. Bxf4 {[%emt 0:09:30]} exf4 {[%emt 0:00:30]} 29. Rxf4 {[%emt 0:00:00]} Bd5 {[%emt 0:06:51]} 30. Qh4 {[%emt 0:02:44]} Be6 {[%emt 0:00:24]} 31. Ng3 {[%emt 0:02:42]} Qd2 {[%emt 0:04:10]} 32. R4f2 {[%emt 0:04:46]} Qh6 {[%emt 0:00:08]} 33. Qh3 {[%emt 0:02:32]} Qe3 {[%emt 0:01:45]} 34. Kh2 {[%emt 0:05:51]} Be5 {[%emt 0:00:43]} 35. Rf3 {[%emt 0:03:54]} Qg5 {[%emt 0:00:24]} 36. Kg1 {[%emt 0:01:09]} Bxg4 {[%emt 0:00:32]} 37. Qh2 {[%emt 0:00:26]} Bxf3 {[%emt 0:00:20]} 38. Rxf3 {[%emt 0:00:05]} Qc1+ {[%emt 0:00:33]} 0-1

[Event "Turkish Second League 2019"]
[Site "Konya"]
[Date "2019.07.24"]
[Round "4"]
[White "Kartal, Koray"]
[Black "Kara, Yanki"]
[Result "0-1"]
[WhiteElo "2002"]
[BlackElo "2193"]
[Annotator "NA"]
[PlyCount "76"]
[EventDate "2019.07.22"]
[EventType "team-tourn"]
[EventCountry "TUR"]
[SourceTitle "playchess.com"]
[Source "ChessBase"]
[SourceQuality "1"]
[TimeControl "5400+30"]

1. e4 {[%emt 0:00:30]} g6 {[%emt 0:00:30]} 2. d4 {[%emt 0:00:00]} Bg7 {[%emt 0:00:00]} 3. Nc3 {[%emt 0:01:00]} d6 {[%emt 0:00:00]} 4. Nf3 {[%emt 0:00:00]} a6 {[%emt 0:00:00]} 5. a4 {[%emt 0:00:00]} Nf6 {[%emt 0:00:00]} 6. Bd3 {[%emt 0:01:30]} O-O {[%emt 0:00:30]} 7. O-O {[%emt 0:00:30]} Nc6 {[%emt 0:00:30]} 8. h3 {[%emt 0:02:30]} e6 {[%emt 0:21:30]} 9. Be3 {[%emt 0:01:30]} h6 {[%emt 0:03:30]} 10. Qd2 {[%emt 0:01:30]} Kh7 {[%emt 0:00:00]} 11. Rfe1 {[%emt 0:02:30]} b6 {[%emt 0:03:00]} 12. Rad1 {[%emt 0:02:30]} Nb4 {[%emt 0:09:30]} 13. Bc4 {[%emt 0:07:30]} d5 {[%emt 0:07:30]} 14. e5 {[%emt 0:03:30]} dxc4 {[%emt 0:07:30]} 15. exf6 {[%emt 0:00:30]} Qxf6 {[%emt 0:00:00]} 16. Ne5 {[%emt 0:03:30]} Qf5 {[%emt 0:08:00]} 17. Re2 {[%emt 0:20:30]} Bb7 {[%emt 0:01:30]} 18. Bf4 {[%emt 0:05:30]} g5 {[%emt 0:05:30]} 19. Bg3 {[%emt 0:03:30]} Rad8 {[%emt 0:01:30]} 20. f3 {[%emt 0:08:30]} c5 {[%emt 0:00:30]} 21. Bf2 {[%emt 0:00:30]} Nc6 {[%emt 0:02:30]} 22. g4 {[%emt 0:18:46]} Nxe5 {[%emt 0:02:30]} 23. gxf5 {[%emt 0:00:30]} Nxf3+ {[%emt 0:00:00]} 24. Kf1 {[%emt 0:00:00]} Nxd2+ {[%emt 0:00:00]} 25. Rexd2 {[%emt 0:01:22]} Bf3 {[%emt 0:00:30]} 26. fxe6 {[%emt 0:01:53]} fxe6 {[%emt 0:00:30]} 27. Ne2 {[%emt 0:02:13]} cxd4 {[%emt 0:00:30]} 28. Bxd4 {[%emt 0:00:39]} Bg4+ {[%emt 0:02:30]} 29. Ke1 {[%emt 0:02:26]} Bxh3 {[%emt 0:00:00]} 30. Ng3 {[%emt 0:02:39]} Rf3 {[%emt 0:01:00]} 31. Bxg7 {[%emt 0:00:30]} Rxd2 {[%emt 0:00:30]} 32. Rxd2 {[%emt 0:00:30]} Kxg7 {[%emt 0:00:30]} 33. Rd7+ {[%emt 0:00:30]} Kg6 {[%emt 0:00:30]} 34. Ne2 {[%emt 0:00:30]} Rf1+ {[%emt 0:00:30]} 35. Kd2 {[%emt 0:00:30]} Bg4 {[%emt 0:00:30]} 36. Nd4 {[%emt 0:00:30]} e5 {[%emt 0:00:30]} 37. Rd6+ {[%emt 0:00:30]} Kf7 {[%emt 0:00:30]} 38. Rxh6 {[%emt 0:00:30]} exd4 {[%emt 0:00:30]} 0-1

[Event "Turkish Second League 2019"]
[Site "Konya"]
[Date "2019.07.24"]
[Round "4"]
[White "Ozdemir, Serhan Berat"]
[Black "Alumert, Orkun Efe"]
[Result "1-0"]
[WhiteElo "1985"]
[BlackElo "2151"]
[Annotator "NA"]
[PlyCount "81"]
[EventDate "2019.07.22"]
[EventType "team-tourn"]
[EventCountry "TUR"]
[SourceTitle "playchess.com"]
[Source "ChessBase"]
[SourceQuality "1"]
[TimeControl "5400+30"]

1. e4 {[%emt 0:00:30]} e6 {[%emt 0:00:30]} 2. d4 {[%emt 0:00:30]} d5 {[%emt 0:00:00]} 3. Nd2 {[%emt 0:00:00]} a6 {[%emt 0:00:00]} 4. Ngf3 {[%emt 0:00:00]} c5 {[%emt 0:00:30]} 5. dxc5 {[%emt 0:00:00]} Bxc5 {[%emt 0:00:30]} 6. Bd3 {[%emt 0:00:00]} Nf6 {[%emt 0:02:30]} 7. O-O {[%emt 0:01:30]} O-O {[%emt 0:06:30]} 8. Qe2 {[%emt 0:00:30]} Nc6 {[%emt 0:01:30]} 9. e5 {[%emt 0:02:30]} Nd7 {[%emt 0:00:30]} 10. Nb3 {[%emt 0:00:30]} Be7 {[%emt 0:00:00]} 11. c3 {[%emt 0:00:00]} Re8 {[%emt 0:08:00]} 12. Re1 {[%emt 0:07:00]} f6 {[%emt 0:04:30]} 13. exf6 {[%emt 0:01:30]} Bxf6 {[%emt 0:00:30]} 14. Bd2 {[%emt 0:25:30]} Nde5 {[%emt 0:06:30]} 15. Nxe5 {[%emt 0:07:30]} Nxe5 {[%emt 0:00:00]} 16. Bc2 {[%emt 0:03:30]} Nc4 {[%emt 0:00:00]} 17. Bf4 {[%emt 0:19:30]} e5 {[%emt 0:22:30]} 18. Rad1 {[%emt 0:00:30]} Be6 {[%emt 0:01:30]} 19. Nc5 {[%emt 0:05:30]} Bf7 {[%emt 0:00:30]} 20. Bc1 {[%emt 0:01:30]} Qc7 {[%emt 0:01:30]} 21. Nd3 {[%emt 0:00:30]} Rad8 {[%emt 0:02:30]} 22. Qg4 {[%emt 0:06:29]} e4 {[%emt 0:22:35]} 23. Nf4 {[%emt 0:01:53]} Ne5 {[%emt 0:01:10]} 24. Qg3 {[%emt 0:00:01]} Qe7 {[%emt 0:03:17]} 25. Qh3 {[%emt 0:03:05]} Bg5 {[%emt 0:01:21]} 26. Bb3 {[%emt 0:00:30]} Bxf4 {[%emt 0:00:30]} 27. Bxf4 {[%emt 0:00:30]} Ng6 {[%emt 0:00:30]} 28. Bg3 {[%emt 0:00:30]} Qg5 {[%emt 0:00:30]} 29. Bc7 {[%emt 0:00:30]} Rc8 {[%emt 0:00:30]} 30. Qg3 {[%emt 0:00:30]} Qf5 {[%emt 0:00:30]} 31. Rd4 {[%emt 0:00:30]} Re7 {[%emt 0:00:30]} 32. Bd6 {[%emt 0:00:30]} Rd7 {[%emt 0:00:30]} 33. Red1 {[%emt 0:00:30]} h5 {[%emt 0:00:30]} 34. Rxd5 {[%emt 0:00:30]} Qf6 {[%emt 0:00:30]} 35. Qh3 {[%emt 0:00:30]} Rcd8 {[%emt 0:00:30]} 36. Rf5 {[%emt 0:00:30]} Rxd6 {[%emt 0:00:30]} 37. Rxd6 {[%emt 0:00:30]} Qxd6 {[%emt 0:00:30]} 38. Bxf7+ {[%emt 0:00:30]} Kf8 {[%emt 0:00:30]} 39. Bxg6+ {[%emt 0:00:30]} Kg8 {[%emt 0:00:30]} 40. Bf7+ {[%emt 0:00:30]} Kf8 {[%emt 0:00:30]} 41. Bb3+ {[%emt 0:00:30]} 1-0

[Event "Turkish Second League 2019"]
[Site "Konya"]
[Date "2019.07.24"]
[Round "4"]
[White "Dere, Abdullah Dogukan"]
[Black "Buke, Furkan"]
[Result "1/2-1/2"]
[WhiteElo "1960"]
[BlackElo "1959"]
[Annotator "NA"]
[PlyCount "98"]
[EventDate "2019.07.22"]
[EventType "team-tourn"]
[EventCountry "TUR"]
[SourceTitle "playchess.com"]
[Source "ChessBase"]
[SourceQuality "1"]
[TimeControl "5400+30"]

1. c4 {[%emt 0:00:30]} c5 {[%emt 0:00:30]} 2. g3 {[%emt 0:00:00]} g6 {[%emt 0:00:00]} 3. Bg2 {[%emt 0:00:00]} Bg7 {[%emt 0:00:00]} 4. Nc3 {[%emt 0:00:30]} Nc6 {[%emt 0:00:00]} 5. d3 {[%emt 0:00:00]} e6 {[%emt 0:00:00]} 6. e4 {[%emt 0:01:00]} Nge7 {[%emt 0:00:30]} 7. Nge2 {[%emt 0:00:30]} a6 {[%emt 0:01:30]} 8. O-O {[%emt 0:00:00]} O-O {[%emt 0:00:00]} 9. Be3 {[%emt 0:01:00]} Nd4 {[%emt 0:00:00]} 10. Qd2 {[%emt 0:00:30]} Rb8 {[%emt 0:04:30]} 11. Bh6 {[%emt 0:00:30]} d6 {[%emt 0:02:30]} 12. Bxg7 {[%emt 0:00:30]} Kxg7 {[%emt 0:00:00]} 13. Nxd4 {[%emt 0:01:30]} cxd4 {[%emt 0:00:00]} 14. Ne2 {[%emt 0:00:30]} e5 {[%emt 0:00:30]} 15. f4 {[%emt 0:00:30]} f6 {[%emt 0:06:30]} 16. fxe5 {[%emt 0:00:30]} dxe5 {[%emt 0:00:00]} 17. b4 {[%emt 0:00:30]} b5 {[%emt 0:03:00]} 18. c5 {[%emt 0:00:30]} Nc6 {[%emt 0:05:30]} 19. h3 {[%emt 0:03:30]} a5 {[%emt 0:03:30]} 20. a3 {[%emt 0:00:30]} Be6 {[%emt 0:00:30]} 21. g4 {[%emt 0:01:30]} axb4 {[%emt 0:15:30]} 22. axb4 {[%emt 0:00:30]} Ra8 {[%emt 0:00:00]} 23. Ng3 {[%emt 0:26:30]} Qe7 {[%emt 0:10:00]} 24. Kh2 {[%emt 0:02:30]} Ra7 {[%emt 0:03:30]} 25. Rxa7 {[%emt 0:01:30]} Qxa7 {[%emt 0:01:30]} 26. g5 {[%emt 0:00:00]} fxg5 {[%emt 0:02:30]} 27. Rxf8 {[%emt 0:01:00]} Kxf8 {[%emt 0:00:30]} 28. Qxg5 {[%emt 0:00:00]} Qe7 {[%emt 0:00:30]} 29. Qh6+ {[%emt 0:00:00]} Qg7 {[%emt 0:03:30]} 30. Qd2 {[%emt 0:00:00]} Qf7 {[%emt 0:02:30]} 31. Kg1 {[%emt 0:02:00]} Kg8 {[%emt 0:07:30]} 32. Qg5 {[%emt 0:06:30]} Qe7 {[%emt 0:01:30]} 33. Qd2 {[%emt 0:00:30]} Qh4 {[%emt 0:01:30]} 34. Kh2 {[%emt 0:00:00]} Qe7 {[%emt 0:04:30]} 35. Kg1 {[%emt 0:00:00]} Kg7 {[%emt 0:01:30]} 36. Kh2 {[%emt 0:00:30]} h6 {[%emt 0:00:30]} 37. Kg1 {[%emt 0:06:30]} Qg5 {[%emt 0:01:30]} 38. Qe1 {[%emt 0:03:30]} h5 {[%emt 0:01:30]} 39. Kh2 {[%emt 0:02:30]} Qf4 {[%emt 0:01:28]} 40. Kg1 {[%emt 0:00:30]} Kh7 {[%emt 0:03:50]} 41. Nf1 {[%emt 0:00:30]} Bb3 {[%emt 0:01:48]} 42. Qb1 {[%emt 0:00:30]} Be6 {[%emt 0:00:41]} 43. Qb2 {[%emt 0:00:00]} Qf7 {[%emt 0:01:48]} 44. Qd2 {[%emt 0:02:00]} Qa7 {[%emt 0:01:06]} 45. Qg5 {[%emt 0:01:30]} Qe7 {[%emt 0:00:06]} 46. Qd2 {[%emt 0:00:00]} Qa7 {[%emt 0:01:43]} 47. Qg5 {[%emt 0:00:00]} Qe7 {[%emt 0:00:23]} 48. Qd2 {[%emt 0:00:00]} Qa7 {[%emt 0:00:48]} 49. Qg5 {[%emt 0:00:00]} Qe7 {[%emt 0:00:34]} 1/2-1/2

[Event "Turkish Second League 2019"]
[Site "Konya"]
[Date "2019.07.24"]
[Round "4"]
[White "Demirag, Batuhan"]
[Black "Alaoglu, Niyazi Bekirhan"]
[Result "1-0"]
[WhiteElo "1939"]
[BlackElo "1769"]
[Annotator "NA"]
[PlyCount "91"]
[EventDate "2019.07.22"]
[EventType "team-tourn"]
[EventCountry "TUR"]
[SourceTitle "playchess.com"]
[Source "ChessBase"]
[SourceQuality "1"]
[TimeControl "5400+30"]

1. Nf3 {[%emt 0:00:30]} Nf6 {[%emt 0:00:30]} 2. c4 {[%emt 0:00:00]} g6 {[%emt 0:00:30]} 3. b3 {[%emt 0:00:00]} Bg7 {[%emt 0:00:30]} 4. Bb2 {[%emt 0:00:00]} O-O {[%emt 0:00:30]} 5. g3 {[%emt 0:03:00]} d6 {[%emt 0:03:30]} 6. d4 {[%emt 0:00:00]} c6 {[%emt 0:02:30]} 7. Bg2 {[%emt 0:00:00]} Nbd7 {[%emt 0:06:30]} 8. O-O {[%emt 0:00:30]} Re8 {[%emt 0:05:30]} 9. Nc3 {[%emt 0:00:30]} Qc7 {[%emt 0:08:30]} 10. Qd2 {[%emt 0:01:30]} e5 {[%emt 0:03:30]} 11. dxe5 {[%emt 0:00:30]} dxe5 {[%emt 0:00:30]} 12. e4 {[%emt 0:01:30]} Nc5 {[%emt 0:23:30]} 13. Qe3 {[%emt 0:05:30]} Qa5 {[%emt 0:02:30]} 14. h3 {[%emt 0:02:30]} Ne6 {[%emt 0:07:30]} 15. Na4 {[%emt 0:08:30]} Nd7 {[%emt 0:06:30]} 16. Rfd1 {[%emt 0:01:30]} b5 {[%emt 0:07:52]} 17. Bc3 {[%emt 0:04:30]} Qc7 {[%emt 0:02:38]} 18. Nb2 {[%emt 0:00:30]} a5 {[%emt 0:03:17]} 19. cxb5 {[%emt 0:09:30]} cxb5 {[%emt 0:00:30]} 20. Rac1 {[%emt 0:00:30]} Qa7 {[%emt 0:04:52]} 21. Qxa7 {[%emt 0:07:30]} Rxa7 {[%emt 0:00:30]} 22. Nd3 {[%emt 0:00:30]} Nd4 {[%emt 0:00:30]} 23. Bxd4 {[%emt 0:00:30]} exd4 {[%emt 0:00:30]} 24. e5 {[%emt 0:00:30]} Bb7 {[%emt 0:03:46]} 25. Nxd4 {[%emt 0:01:30]} Bxg2 {[%emt 0:02:20]} 26. Kxg2 {[%emt 0:00:00]} Nxe5 {[%emt 0:00:53]} 27. Nxe5 {[%emt 0:02:00]} Bxe5 {[%emt 0:00:39]} 28. Nxb5 {[%emt 0:00:00]} Rb7 {[%emt 0:00:53]} 29. Rd5 {[%emt 0:01:00]} Ree7 {[%emt 0:00:51]} 30. f4 {[%emt 0:01:30]} Bf6 {[%emt 0:00:43]} 31. Kf3 {[%emt 0:00:30]} Red7 {[%emt 0:01:01]} 32. Rcd1 {[%emt 0:03:30]} Rxd5 {[%emt 0:00:03]} 33. Rxd5 {[%emt 0:00:00]} Kf8 {[%emt 0:00:32]} 34. Nd6 {[%emt 0:03:00]} Rd7 {[%emt 0:01:30]} 35. Ke4 {[%emt 0:03:30]} Bb2 {[%emt 0:00:08]} 36. g4 {[%emt 0:03:30]} h6 {[%emt 0:00:48]} 37. Nc4 {[%emt 0:00:30]} Re7+ {[%emt 0:00:34]} 38. Kd3 {[%emt 0:00:30]} Bc1 {[%emt 0:00:30]} 39. f5 {[%emt 0:00:30]} a4 {[%emt 0:00:30]} 40. bxa4 {[%emt 0:00:30]} Ra7 {[%emt 0:00:30]} 41. a5 {[%emt 0:00:30]} h5 {[%emt 0:00:30]} 42. gxh5 {[%emt 0:00:30]} gxh5 {[%emt 0:00:30]} 43. f6 {[%emt 0:00:30]} Ke8 {[%emt 0:00:30]} 44. Rxh5 {[%emt 0:00:30]} Ra6 {[%emt 0:00:30]} 45. Nb6 {[%emt 0:00:30]} Kd8 {[%emt 0:00:30]} 46. Rc5 {[%emt 0:00:30]} 1-0